Top 5 European League Top Scorers: 1999/00 - Statistics

General Stats
  • This quiz has been taken 7 times
  • The average score is 5 of 26
Answer Stats
League Goals Club Nationality Player % Correct
Serie A 24 Milan Ukraine Andriy Shevchenko
100%
Serie A 23 Fiorentina Argentina Gabriel Batistuta
100%
Serie A 22 Parma Argentina Hernan Crespo
71%
Eredivisie 29 PSV Netherlands Ruud van Nistelrooy
71%
La Liga 22 Coruna Netherlands Roy Makaay
57%
Bundesliga 14 Bayern Munich Brazil Giovane Elber
43%
Division 1 22 Monaco France David Trezeguet
29%
Bundesliga 14 Schalke Denmark Ebbe Sand
14%
Eredivisie 19 Twente Netherlands Jan Vennegoor of Hesselink
14%
La Liga 24 Atletico Madrid Netherlands Jimmy Floyd Hasselbaink
14%
Eredivisie 19 PSV Belgium Luc Nilis
14%
Serie A 18 Roma Italy Vincenzo Montella
14%
Eredivisie 19 PSV Netherlands Arnold Bruggink
0%
La Liga 24 Malaga Spain Catanha
0%
Division 1 16 PSG Brazil Christian Correa Dionisio
0%
Bundesliga 13 Werder Bremen Germany Marco Bode
0%
Serie A 18 Torino Italy Marco Ferrante
0%
Division 1 21 Monaco Italy Marco Simone
0%
Bundesliga 19 1860 Munich Germany Martin Max
0%
Bundesliga 13 Bayern Munich Brazil Paulo Sergio
0%
Eredivisie 25 Vitesse Netherlands Pierre van Hooijdonk
0%
La Liga 27 Racing Santander Spain Salva
0%
La Liga 21 Zaragoza Yugoslavia Savo Milosevic
0%
Division 1 16 Rennes DR Congo Shabani Nonda
0%
Division 1 23 Lyon Brazil Sonny Aderson
0%
Bundesliga 17 Bayer Leverkusen Germany Ulf Kirsten
0%
No matching quizzes found
Score Distribution
Percent of People with Each Score
Percentile by Number Answered
Your Score History
You have not taken this quiz